00833naa#a2200169#i#4500001002300000005001700023011001400040100004100054102000700095200023800102210016900340215001000509608004500519675005400564700003000618856001500648RU\INFRA-M\bibl\11040220260415150009.3##a2500-333X##a20251217b2025####ek#y0rusy0150####ca##aRU1#aЦентральный банк Российской Федерации 
как субъект финансового права: 
тенденции к расширению полномочийeЖурнальная статья1#aМоскваcОбщество с ограниченной ответственностью «Научно-издательский центр ИНФРА-М»d2025##a3 с.##aЖурнальная статья2local##aПраво. Юридические науки. 34#1aГриценкоgВ. В.4#anaukaru.ru